सृजन-समाकलन (पूर्वार्द्ध ): (Record no. 56057)

MARC details
000 -LEADER
fixed length control field 01331nam a22002537a 4500
005 - DATE AND TIME OF LATEST TRANSACTION
control field 20090121151350.0
008 - FIXED-LENGTH DATA ELEMENTS--GENERAL INFORMATION
fixed length control field 090121t xxu||||| |||| 00| 0 hin d
010 ## - LCCN (DPL NO)
LC control number HIN-93811
020 ## - INTERNATIONAL STANDARD BOOK NUMBER
Terms of availability 300.00
International Standard Book Number 9788188212482
035 ## - SYSTEM CONTROL NUMBER
System control number HN-66157
037 ## - SOURCE OF ACQUISITION
Source of stock number/acquisition DBAD /PUB
040 ## - CATALOGING SOURCE
Original cataloging agency DPL
Language of cataloging HN
082 ## - DEWEY DECIMAL CLASSIFICATION NUMBER
Classification number 821.08
100 ## - MAIN ENTRY--PERSONAL NAME
9 (RLIN) 33818
245 ## - TITLE STATEMENT
Title सृजन-समाकलन (पूर्वार्द्ध ):
Statement of responsibility, etc श्रीरंजन सूरिदेव द्वारा संपादित
Remainder of title डॉ. श्यामसुन्दर घोष की सृजनशीलता के साठ वर्षः सन 1948-2008 ई. /
260 ## - PUBLICATION, DISTRIBUTION, ETC. (IMPRINT)
Place of publication, distribution, etc इलाहाबाद
Name of publisher, distributor, etc विभोर प्रकाशन
Date of publication, distribution, etc 2010
270 ## - ADDRESS
Address 49-बी, हेस्टिंग रोड( सर्किट हाउस के सामने)
City इलाहाबाद
Postal code 211001
300 ## - PHYSICAL DESCRIPTION
Extent 248पृ.
Dimensions 22सेमी (सजिल्द)
500 ## - GENERAL NOTE
General note केवल भाग-1 उपलब्ध
650 ## - SUBJECT ADDED ENTRY--TOPICAL TERM
9 (RLIN) 697
700 ## - ADDED ENTRY--PERSONAL NAME
9 (RLIN) 33853
Personal name श्रीरंजन सूरिदेव
942 ## - ADDED ENTRY ELEMENTS (KOHA)
Source of classification or shelving scheme Dewey Decimal Classification
Item type Hindi Books
Call number suffix सृजन
Classification part 821.08
Holdings
Withdrawn status Lost status Source of classification or shelving scheme Damaged status Not for loan Collection code Home library Current library Date acquired Source of acquisition Cost, normal purchase price Total Checkouts Full call number Barcode Date last seen Copy number Cost, replacement price Koha item type
    Dewey Decimal Classification   Not For Loan Non-fiction D.B.Act.Division D.B.Act.Division 29/08/2011 DBAD / PUB 300.00   821.08 सृजन HN-66157 29/08/2011 1 300.00 Hindi Books

© Delhi Public Library
Hit Counter
free hit counter